[Event "AUTO-ELITE-1852"]
[Site "http://www.queenalice.com/game.php?id=1547484"]
[Date "2018.10.28"]
[Round "2"]
[White "caboclo"]
[Black "faustinho"]
[Result "0-1"]
[WhiteElo "2662"]
[BlackElo "2505"]

1. e4 c5 2. Nf3 d6 3. d4 cxd4 4. Nxd4 Nf6 5. Nc3 a6 6. Be3 e5 7. Nb3 Be7 8. f3
Be6 9. Qd2 O-O 10. O-O-O Nbd7 11. g4 b5 12. g5 Nh5 13. Nd5 Bxd5 14. exd5 f6 15.
g6 hxg6 16. Na5 Qe8 17. Nc6 f5 18. Kb1 Nb8 19. Nxe7+ Qxe7 20. Rg1 Kh7 21. Bg5
Nf6 22. Be2 Nbd7 23. Rg2 e4 24. Bf4 Rfe8 25. a3 Rac8 26. Rdg1 Nf8 27. fxe4 Nxe4
28. Qd1 Qh4 29. Bg5 Qh3 30. Bc1 Rc7 31. Qd4 Rce7 0-1

[Event "Copa do Brasil"]
[Site "http://www.queenalice.com/game.php?id=1552701"]
[Date "2018.12.12"]
[Round "4"]
[White "Dogeval"]
[Black "faustinho"]
[Result "1/2-1/2"]
[WhiteElo "2754"]
[BlackElo "2499"]

1. d4 d5 2. c4 e6 3. Nf3 Nf6 4. Nc3 c6 5. Bg5 Be7 6. e3 h6 7. Bh4 O-O 8. Bd3
dxc4 9. Bxc4 b5 10. Be2 Bb7 11. O-O Nbd7 12. a3 a6 13. b4 a5 14. Qb3 Nd5 15.
Bxe7 Qxe7 16. Nxd5 exd5 17. a4 Qxb4 18. Qxb4 axb4 19. axb5 b3 20. Rab1 c5 21.
dxc5 Nxc5 22. Rfc1 Rfc8 23. Nd2 Ra2 24. Bg4 f5 25. Bxf5 Rf8 26. Nf3 Na4 27. Be6+
Kh8 28. h4 Rf6 29. Bc8 b2 30. Bxb7 bxc1=Q+ 31. Rxc1 Nb6 32. Rc6 Rxc6 33. bxc6
Ra1+ 34. Kh2 Rc1 35. Nd4 g6 36. g4 Kg7 37. Kg3 Kf7 38. f3 Nc4 39. Kf2 Ke7 40. f4
Nd6 41. Ke2 Ne4 42. g5 hxg5 43. hxg5 Nd6 44. Ba6 1/2-1/2

[Event "AUTO-ELITE-2171"]
[Site "http://www.queenalice.com/game.php?id=1589378"]
[Date "2019.11.8"]
[Round "1"]
[White "faustinho"]
[Black "grotegeest"]
[Result "1/2-1/2"]
[WhiteElo "2538"]
[BlackElo "2728"]

1. Nf3 Nf6 2. g3 g6 3. b3 Bg7 4. Bb2 O-O 5. Bg2 d6 6. d4 Nbd7 7. O-O c6 8. Re1
e5 9. dxe5 dxe5 10. e4 Qc7 11. a4 Re8 12. a5 Rb8 13. Nbd2 b5 14. axb6 axb6 15.
Nc4 Bf8 16. Bc3 Nh5 17. Qd2 f6 18. Red1 Nc5 19. Qe3 Rb7 20. b4 Ne6 21. Bf1 c5
22. bxc5 Nxc5 23. Na3 Be6 24. Nb5 Qc6 25. Bb4 Rd7 26. Nc3 Rxd1 27. Rxd1 1/2-1/2

[Event "AUTO-ELITE-2171"]
[Site "http://www.queenalice.com/game.php?id=1589379"]
[Date "2019.11.8"]
[Round "1"]
[White "grotegeest"]
[Black "faustinho"]
[Result "1/2-1/2"]
[WhiteElo "2724"]
[BlackElo "2542"]

1. e4 c5 2. Nf3 d6 3. d4 cxd4 4. Nxd4 Nf6 5. Nc3 a6 6. Bg5 e6 7. f4 Qb6 8. Qd2
Nc6 9. Nb3 Be7 10. O-O-O O-O 11. Be2 Rd8 12. h4 a5 13. a4 d5 14. e5 Ne4 15. Nxe4
dxe4 16. Qe1 Rxd1+ 17. Bxd1 h6 18. Bxe7 Nxe7 19. Qxe4 Bd7 20. Qd4 Qxd4 21. Nxd4
Bxa4 22. Bf3 Rb8 23. h5 b6 24. Rd1 Be8 25. b3 Rd8 26. g4 g6 27. Kb2 gxh5 28.
gxh5 Rc8 1/2-1/2

[Event "AUTO-ELITE-2171"]
[Site "http://www.queenalice.com/game.php?id=1589380"]
[Date "2019.11.8"]
[Round "1"]
[White "faustinho"]
[Black "ArmandoFerreira"]
[Result "1/2-1/2"]
[WhiteElo "2527"]
[BlackElo "2800"]

1. Nf3 Nf6 2. g3 e6 3. d4 c5 4. Bg2 cxd4 5. O-O d5 6. Nxd4 e5 7. Nb3 Be6 8. Nc3
Be7 9. f4 exf4 10. gxf4 g6 11. Kh1 Nc6 12. Be3 O-O 13. Nd4 Qd7 14. Nxe6 fxe6 15.
Bg1 Rad8 16. e4 dxe4 17. Qxd7 Rxd7 18. Nxe4 Nxe4 19. Bxe4 Kf7 20. c3 a6 21. Rae1
Bf6 22. Re2 Rfd8 23. Bb6 Rd2 24. Rff2 Rxe2 25. Rxe2 Rd7 26. Be3 Na5 27. Rd2 Re7
28. Bd3 b5 29. Bc5 Rc7 30. Bb6 Nc4 31. Bxc7 Nxd2 32. Kg2 Nc4 33. Bxc4 bxc4 34.
Kf3 Be7 35. Ke4 Bc5 36. Be5 Ke7 37. b4 cxb3 38. axb3 Kd7 39. Bd4 Bd6 40. Be5 Bc5
41. Bd4 1/2-1/2

[Event "AUTO-ELITE-2171"]
[Site "http://www.queenalice.com/game.php?id=1589381"]
[Date "2019.11.8"]
[Round "1"]
[White "ArmandoFerreira"]
[Black "faustinho"]
[Result "1/2-1/2"]
[WhiteElo "2823"]
[BlackElo "2532"]

1. e4 c5 2. Nc3 d6 3. Nf3 Nf6 4. d4 cxd4 5. Nxd4 a6 6. h3 e5 7. Nde2 h5 8. g3
Nbd7 9. a4 b6 10. Bg2 Bb7 11. O-O Be7 12. Bg5 Rc8 13. h4 O-O 14. Qd2 Re8 15.
Rfd1 Bf8 16. Re1 Qc7 17. Rad1 Nh7 18. Bh3 Rb8 19. Nc1 Nxg5 20. Qxg5 Nf6 21. N1a2
b5 22. axb5 axb5 23. Nb4 Qa5 24. Nbd5 Bxd5 25. exd5 Be7 26. Qe3 Bd8 27. Kg2 b4
28. Ne4 Nxe4 29. Qxe4 Qa7 30. Rd4 Bxh4 31. Rxb4 Rxb4 32. Qxb4 Be7 33. Qd2 g6 34.
Re4 Kg7 35. b3 Bf6 36. Qc3 h4 37. gxh4 Rh8 38. Qb4 Qe7 39. Kg3 Qd8 40. Qa4 Be7
41. Rb4 Rh5 42. Bg2 f5 43. Qa7 1/2-1/2

[Event "AUTO-ELITE-2171"]
[Site "http://www.queenalice.com/game.php?id=1611872"]
[Date "2020.5.12"]
[Round "2"]
[White "faustinho"]
[Black "ArmandoFerreira"]
[Result "1-0"]
[WhiteElo "2555"]
[BlackElo "2565"]

1. d4 Nf6 2. c4 c6 3. Nf3 d5 4. Nc3 e6 5. Bg5 Be7 6. e3 Nbd7 7. Be2 h6 8. Bf4
Nh5 9. Be5 Nhf6 10. Bg3 Nh5 11. Qc2 O-O 12. O-O Nxg3 13. hxg3 b6 14. a3 Bb7 15.
Rfd1 Qb8 16. b4 1-0

[Event "AUTO-ELITE-2171"]
[Site "http://www.queenalice.com/game.php?id=1611873"]
[Date "2020.5.12"]
[Round "2"]
[White "ArmandoFerreira"]
[Black "faustinho"]
[Result "0-1"]
[WhiteElo "2574"]
[BlackElo "2546"]

1. Nf3 d5 2. b3 Bg4 3. e3 Nd7 4. h3 Bh5 5. Bb2 e6 6. d4 f5 7. Be2 c6 8. Nbd2 Bd6
9. Ne5 Bxe2 10. Qxe2 Ngf6 11. f4 Qe7 12. g4 Ne4 13. Nxe4 fxe4 14. h4 Bb4+ 15.
Kf2 Nxe5 16. dxe5 Bc5 0-1

[Event "AUTO-ELITE-2368"]
[Site "http://www.queenalice.com/game.php?id=1771974"]
[Date "2021.10.11"]
[Round "1"]
[White "trompmaster"]
[Black "faustinho"]
[Result "0-1"]
[WhiteElo "2444"]
[BlackElo "2547"]

1. b3 e5 2. Bb2 Nc6 3. e3 Nf6 4. Nf3 e4 5. Nd4 Nxd4 6. Bxd4 Be7 7. Be2 O-O 8.
Nc3 c6 9. O-O d5 10. f3 Nd7 11. fxe4 c5 12. Bxg7 Kxg7 13. exd5 Ne5 14. d4 Ng6
15. Bc4 f5 16. Qd2 cxd4 17. exd4 a6 18. a4 Bb4 19. Qd3 Qh4 20. a5 Kh8 21. Na4
Bd6 22. g3 Qh3 23. Nb6 f4 24. Nxa8 Rg8 25. Rxf4 Nxf4 26. Qf3 Bg4 27. Qf2 Qh6 28.
Kh1 Nh3 0-1

[Event "AUTO-ELITE-2368"]
[Site "http://www.queenalice.com/game.php?id=1771975"]
[Date "2021.10.11"]
[Round "1"]
[White "faustinho"]
[Black "trompmaster"]
[Result "1-0"]
[WhiteElo "2569"]
[BlackElo "2478"]

1. d4 b6 2. e4 e6 3. c4 Bb7 4. Bd3 f5 5. exf5 Bxg2 6. Qh5+ g6 7. fxg6 Bg7 8.
gxh7+ Kf8 9. Bg5 Nf6 10. Qh4 Bxh1 11. Ne2 Bf3 12. Nf4 Nc6 13. Ng6+ Kf7 14. Ne5+
Nxe5 15. dxe5 Bg4 16. Nc3 Bf5 17. Bxf5 exf5 18. O-O-O Rxh7 19. Qf4 Kg6 20. exf6
Bxf6 21. Bxf6 Qxf6 22. Rg1+ Kf7 23. Rg5 Qe6 24. Rxf5+ Kg8 25. Nd5 Rg7 26. Nf6+
Kf8 27. Nxd7+ Kg8 28. Nf6+ Kf8 29. Re5 Qd6 30. Qf3 Rg1+ 31. Kc2 Kg7 32. Nh5+ Kh7
33. Qf7+ Kh8 34. Nf6 Qd1+ 35. Kc3 Qf3+ 36. Kb4 c5+ 37. Kb5 a6+ 38. Kxb6 Rb8+ 39.
Ka5 1-0

[Event "AUTO-ELITE-2368"]
[Site "http://www.queenalice.com/game.php?id=1771978"]
[Date "2021.10.11"]
[Round "1"]
[White "pt58"]
[Black "faustinho"]
[Result "0-1"]
[WhiteElo "2480"]
[BlackElo "2563"]

1. e4 c5 2. Nf3 d6 3. d4 cxd4 4. Nxd4 Nf6 5. Nc3 a6 6. h3 e5 7. Nde2 h5 8. Bg5
Be6 9. Bxf6 Qxf6 10. Nd5 Qd8 11. Qd3 g6 12. O-O-O b5 13. Kb1 Nd7 14. f4 Nc5 15.
Qf3 Bg7 16. f5 gxf5 17. exf5 e4 18. Qe3 Bxd5 19. Rxd5 Kf8 20. Nd4 Na4 21. Qxe4
Nb6 22. Bd3 Bf6 23. Rd1 Rc8 24. c3 Qe7 25. Nc2 Qxe4 26. Bxe4 Nxd5 27. Rxd5 Kg7
28. Nb4 a5 29. Nd3 a4 30. a3 Rb8 31. Bf3 h4 32. Nf2 Rb6 33. Ne4 Re8 34. Kc2 Be5
0-1

[Event "AUTO-ELITE-2368"]
[Site "http://www.queenalice.com/game.php?id=1771979"]
[Date "2021.10.11"]
[Round "1"]
[White "faustinho"]
[Black "pt58"]
[Result "1-0"]
[WhiteElo "2553"]
[BlackElo "2669"]

1. d4 Nf6 2. c4 g6 3. f3 Bg7 4. e4 d6 5. Nc3 O-O 6. Be3 c5 7. Nge2 cxd4 8. Nxd4
Nc6 9. Be2 Bd7 10. Qd2 Nxd4 11. Bxd4 Bc6 12. O-O-O Qa5 13. Kb1 Rfc8 14. g4 Rab8
15. h4 h5 16. Ka1 hxg4 17. h5 e5 18. Be3 Nxh5 19. Rxh5 gxh5 20. fxg4 h4 21. g5
Rc7 22. Qe1 Ba4 23. Rd5 b5 24. Qxh4 Bc2 25. g6 fxg6 26. Qg4 Bf8 27. Bd1 Bxd1 28.
Rxd1 Rf7 29. Qxg6+ Bg7 30. c5 Rbf8 31. Nd5 Qd8 32. c6 1-0

[Event "AUTO-ELITE-2420"]
[Site "http://www.queenalice.com/game.php?id=1792249"]
[Date "2022.7.10"]
[Round "1"]
[White "faustinho"]
[Black "George1955"]
[Result "1/2-1/2"]
[WhiteElo "2577"]
[BlackElo "2421"]

1. d4 d5 2. c4 c6 3. e3 Nf6 4. Nf3 e6 5. Qc2 Nbd7 6. b3 b6 7. Bd3 c5 8. O-O Bb7
9. Nc3 cxd4 10. exd4 Bb4 11. Ne5 Rc8 12. Bd2 a6 13. Nxd7 Qxd7 14. Ne2 Be7 15.
Rab1 O-O 16. a4 Rfd8 17. Be3 h6 18. h3 Bb4 19. Rfc1 Qc6 20. f3 Qd6 21. Bd2 Ba3
22. Rd1 a5 23. Qa2 Bb4 24. Bxb4 Qxb4 25. Qd2 Qe7 26. Rbc1 Ba6 27. Rc3 Qb4 28.
Qc2 Rc6 29. cxd5 Bxd3 30. Qxd3 Rxc3 31. Qxc3 Nxd5 32. Qxb4 Nxb4 33. Kf2 g5 34.
Ke3 Nd5+ 35. Kd2 Kg7 36. Rc1 Kg6 37. g3 h5 38. h4 gxh4 39. gxh4 Ne7 40. Rc7 Nf5
41. Nf4+ Kh6 42. Rxf7 Rxd4+ 43. Nd3 Kg6 44. Rb7 Rd6 45. Ke2 Nxh4 46. Ne5+ Kf6
47. Nc4 Rd5 48. Rxb6 Nf5 49. Rb8 h4 50. Kf2 Rd3 51. Kg2 Rc3 52. Nxa5 Rc2+ 53.
Kh3 Rf2 54. Nc4 Rxf3+ 55. Kh2 Rc3 56. a5 Nh6 57. Rf8+ Kg5 58. a6 Ng4+ 59. Kg1
Rc1+ 1/2-1/2

[Event "AUTO-ELITE-2420"]
[Site "http://www.queenalice.com/game.php?id=1792250"]
[Date "2022.7.10"]
[Round "1"]
[White "George1955"]
[Black "faustinho"]
[Result "1/2-1/2"]
[WhiteElo "2418"]
[BlackElo "2580"]

1. e4 e5 2. Nf3 Nc6 3. Bb5 a6 4. Ba4 Nf6 5. O-O Be7 6. Re1 b5 7. Bb3 O-O 8. c3
d6 9. h3 Nb8 10. d4 Nbd7 11. Nbd2 c5 12. Nf1 Re8 13. Ng3 Qc7 14. a4 Bb7 15. Bc2
g6 16. d5 c4 17. Bh6 Reb8 18. Qd2 Nc5 19. a5 Bf8 20. Rf1 Bxh6 21. Qxh6 Qe7 22.
Nh2 Kh8 23. Rad1 Ng8 24. Qe3 Rf8 25. f4 f6 26. Ng4 Bc8 27. f5 Bd7 28. Kh2 Qg7
29. Qe1 Be8 30. Qe2 h5 31. Ne3 h4 32. Nh1 g5 33. Rg1 Qa7 34. Nf2 Rf7 35. Rb1 Rh7
36. Qd2 Rc8 37. Rgc1 Qc7 38. Ra1 Bh5 39. Ra3 Rg7 40. Bd1 Bxd1 41. Qxd1 Rh7 42.
Qe2 Kg7 43. Rd1 Nh6 44. Rg1 Rhh8 45. Rb1 Kf8 46. Rd1 Ra8 47. Rb1 Rc8 48. Rd1 Rb8
49. Rb1 Qg7 1/2-1/2

[Event "AUTO-ELITE-2420"]
[Site "http://www.queenalice.com/game.php?id=1792251"]
[Date "2022.7.10"]
[Round "1"]
[White "faustinho"]
[Black "raulzampronha"]
[Result "1-0"]
[WhiteElo "2575"]
[BlackElo "2340"]

1. d4 d5 2. c4 c6 3. e3 e6 4. Nf3 Nf6 5. Qc2 Nbd7 6. b3 Bb4+ 7. Nbd2 O-O 8. Bd3
Qe7 9. Bb2 b6 10. a3 Bd6 11. e4 e5 12. O-O exd4 13. Rae1 1-0

[Event "AUTO-ELITE-2420"]
[Site "http://www.queenalice.com/game.php?id=1792252"]
[Date "2022.7.10"]
[Round "1"]
[White "raulzampronha"]
[Black "faustinho"]
[Result "0-1"]
[WhiteElo "2258"]
[BlackElo "2578"]

1. d4 Nf6 2. c4 e6 3. Nf3 b6 4. g3 Be7 5. Bg2 Bb7 6. O-O O-O 7. Nc3 d5 8. cxd5
Nxd5 9. Qc2 Nd7 10. Nxd5 exd5 11. Rd1 Re8 12. Bf4 c5 13. dxc5 Nxc5 14. Rac1 Rc8
15. Qb1 Bf6 16. Be3 g6 17. Rc2 Ne6 18. Rcd2 Qe7 19. Bf1 h5 20. h4 Rc7 21. Nd4
Kg7 22. Nxe6+ fxe6 23. Bg2 Ba6 24. Bf3 Rec8 25. Kg2 Bb5 26. Re1 Qf7 27. Red1 Rd7
28. Rc2 Re8 29. Qc1 e5 30. Kg1 e4 31. Bg2 d4 32. Bg5 d3 33. Bxf6+ Qxf6 34. exd3
exd3 35. Rcd2 Rf7 36. Qc3 Qxc3 37. bxc3 Re2 38. Bf1 Rxd2 39. Rxd2 Rc7 0-1

[Event "AUTO-ELITE-2420"]
[Site "http://www.queenalice.com/game.php?id=1811303"]
[Date "2023.5.5"]
[Round "2"]
[White "faustinho"]
[Black "George1955"]
[Result "1/2-1/2"]
[WhiteElo "2582"]
[BlackElo "2431"]

1. e4 e5 2. Nf3 Nc6 3. Bb5 a6 4. Ba4 Nf6 5. O-O Be7 6. d3 b5 7. Bb3 d6 8. a3 Na5
9. Ba2 c5 10. Nc3 Be6 11. Bg5 O-O 12. Bxf6 Bxf6 13. Nd5 Rb8 14. h3 c4 15. dxc4
Nxc4 16. b4 Rc8 17. Bb3 h6 18. Re1 Be7 19. c3 Qe8 20. Ra2 Kh8 21. Ra1 f5 22.
exf5 Bxf5 23. a4 Bd8 24. axb5 axb5 25. Bc2 Bxc2 26. Qxc2 Nb6 27. Rad1 Nxd5 28.
Rxd5 Qc6 29. Qd3 Qxc3 30. Qxc3 Rxc3 31. Rxd6 Be7 32. Rd5 Bxb4 33. Rxb5 Rcxf3 34.
Rxb4 Rxf2 1/2-1/2

[Event "AUTO-ELITE-2420"]
[Site "http://www.queenalice.com/game.php?id=1811304"]
[Date "2023.5.5"]
[Round "2"]
[White "George1955"]
[Black "faustinho"]
[Result "1/2-1/2"]
[WhiteElo "2434"]
[BlackElo "2579"]

1. e4 e5 2. Nf3 Nc6 3. Bb5 Nf6 4. O-O Nxe4 5. d4 Nd6 6. Bxc6 dxc6 7. dxe5 Nf5 8.
Qxd8+ Kxd8 9. Nc3 Bd7 10. b3 Ke8 11. Bf4 Rd8 12. Rad1 Ne7 13. Ng5 h6 14. e6 hxg5
15. exd7+ Rxd7 16. Rxd7 Kxd7 17. Rd1+ Nd5 18. Nxd5 gxf4 19. Nxf4+ Bd6 20. g3 a5
21. Kg2 a4 22. h4 Ke7 23. Kf3 axb3 24. Re1+ Kf6 25. axb3 Ra8 26. Nh5+ Kg6 27.
Nf4+ Kh7 28. Re2 Ra5 29. Re4 Ra2 30. Re2 Ra5 31. Nd3 g6 32. Nb2 Kg7 33. Nc4 Rf5+
34. Ke4 Bb4 35. f4 Rc5 36. g4 f5+ 37. gxf5 Rxf5 38. Ne5 Bd6 39. Rg2 Bxe5 40.
fxe5 Rh5 41. Rg4 Kf7 42. Rf4+ Ke8 43. Kd4 Ke7 1/2-1/2

[Event "AUTO-ELITE-2420"]
[Site "http://www.queenalice.com/game.php?id=1811305"]
[Date "2023.5.5"]
[Round "2"]
[White "faustinho"]
[Black "Sexxy_Bunny"]
[Result "1/2-1/2"]
[WhiteElo "2578"]
[BlackElo "2766"]

1. e4 c5 2. Nf3 d6 3. d4 cxd4 4. Nxd4 Nf6 5. Nc3 a6 6. Be3 e5 7. Nb3 Be6 8. f3
h5 9. Be2 Nbd7 10. f4 Qc7 11. h3 b5 12. a3 Be7 13. f5 Bxb3 14. cxb3 Qb7 15. O-O
Nxe4 16. Bf3 Ndf6 17. Re1 Rc8 18. Rc1 O-O 19. g4 d5 20. g5 Nxc3 21. bxc3 e4 22.
gxf6 Bxf6 23. Bxh5 Rxc3 24. Rxc3 Bxc3 25. Rf1 d4 26. Bc1 d3 27. Be3 Bf6 28. Qe1
Qe7 29. a4 bxa4 30. bxa4 Rc8 31. Qg3 Be5 32. f6 Bxf6 33. Bd1 Rc4 34. h4 Rb4 35.
h5 Rb2 36. Rf5 Rb1 37. Rf1 Rb2 38. Qg4 Qe5 39. Qc8+ Kh7 40. Qf5+ Qxf5 41. Rxf5
Rb1 42. Rf1 Rb2 43. Rf5 Rb1 44. Rf1 1/2-1/2

[Event "AUTO-ELITE-2420"]
[Site "http://www.queenalice.com/game.php?id=1811306"]
[Date "2023.5.5"]
[Round "2"]
[White "Sexxy_Bunny"]
[Black "faustinho"]
[Result "1/2-1/2"]
[WhiteElo "2772"]
[BlackElo "2574"]

1. e4 e5 2. Nf3 Nc6 3. Bb5 a6 4. Ba4 Nf6 5. O-O Be7 6. Re1 b5 7. Bb3 O-O 8. c3
d5 9. exd5 Nxd5 10. Nxe5 Nxe5 11. Rxe5 c6 12. d4 Bd6 13. Re1 Qh4 14. g3 Qh3 15.
Re4 g5 16. Qf1 Qh5 17. Nd2 Nf4 18. gxf4 gxf4 19. Bd1 Qh6 20. Kh1 Kh8 21. Qe1 Qg7
22. Nf3 Bh3 23. Qg1 Rg8 24. Qxg7+ Rxg7 25. Nh4 Rag8 26. Re1 Rg2 27. a4 Rxf2 28.
axb5 f3 29. Nxf3 Rgg2 30. Bg5 Kg7 31. Bd2 f6 32. Be2 Rxh2+ 33. Nxh2 Rxh2+ 34.
Kg1 Rg2+ 35. Kf1 Rh2+ 1/2-1/2